000 00526nam a2200157 a 4500
001 000026716
005 20200930030354.0
008 110324s1927 dr ac 000 0 spa d
040 _aDO-SdBNP
_bspa
_cBNPHU
082 _axxx
_bL791p
100 1 _aLlaverias, Federico
_910157
245 1 3 _aEl primer congreso panamericano de periodistas :
_bcon un apéndice relativo a la República Dominicana /
_cFederico Llaverias.
260 _aSanto Domingo :
_bMontalvo,
_c1927.
300 _a130 p. :
_bil., retr. ;
_c23 cm.
049 _aBNPD
999 _c26208
_d26208